| 000 | 00815nam a22002297a 4500 | ||
|---|---|---|---|
| 005 | 20170124103221.0 | ||
| 010 | _aB-024092 | ||
| 020 | _c00.00 | ||
| 035 | _aB-024092 | ||
| 037 | _bCen Lib/Ret | ||
| 040 |
_aDPL _bHN |
||
| 082 |
_a821 _bतुलसी |
||
| 100 |
_aतुलसीदास _9101537 |
||
| 245 |
_aरामचरितमानस / _cतुलसीदास |
||
| 246 |
_aRamcharitmanas / _b by Tulsidas |
||
| 300 |
_a468पृ. _c22सेमी(सजिल्द) |
||
| 650 |
_aसाहित्य -- रामचरितमानस _91792 |
||
| 650 |
_aहिंदी -- रामचरितमानस _9101538 |
||
| 650 |
_aLiterature -- Ramcharitmanas _997443 |
||
| 650 |
_aHindi -- Ramcharitmanas _997444 |
||
| 942 |
_2ddc _cHN _h821 _mतुलसी |
||
| 999 |
_c121880 _d121880 |
||